000 00566nam a2200157 a 4500
008 091203s1984 ||||||||||||||||| || u
050 _aPAPERS/STAFF
100 _aBoudhoo, M. J
245 1 0 _aRole and method of ILO on promotion and development of small-scale entreprises
260 _aKitwe
_c1984
300 _a26p.
350 _a0.00
650 _aSMALL SCALE ENTERPRISES
650 0 _aBUSINESS
995 _D0.00
_FCBU-MAIN LIBRARY (Kitwe)
_H1
_I0.00
_M1
_UAVAILABLE
_WDec 3, 2009
_ZUniversity Collection
999 _c56646
_d56646